00499pab a2200169 454500008004000000100001700040245008400057260000900141300001300150362001000163650001900173650003600192650002800228700001700256700002200273773003400295180718b2017 xxu||||| |||| 00| 0 eng d aJoshi, P.K.  aMaking pulses affordable again: policy options from the farm to retail in India c2017 ap.37-44. a7 Jan aPulses - India aAgricultural production - India aAgricultural production aRoy, Devesh  aKishore, Avinash  aEconomic and Political Weekly